00423nam a22001337a 450000500170000000800410001704100130005808200120007110000130008324500900009626000470018630000300023365000260026320240718142846.0240718b |||||||| |||| 00| 0 eng d aEnglish  a349 SOU lEnglish  aSouth African Law Reports :bwith which amalgamated The All South Africa Law Reports  aCape Town :bJuta and Company Ltd, c1974  bxvi, 816 pages; c26 cm.  aLegal practice bLaw